[Event "Titled Tuesday intern op 04th Feb Late"]
[Site "Chess.com INT"]
[Date "2025.02.04"]
[Round "6"]
[White "Cuenca Jimenez, Jose Fernando"]
[Black "Micic, Aleksa"]
[Result "1-0"]
[WhiteElo "2479"]
[BlackElo "2192"]
[PlyCount "85"]
[EventDate "2025.02.04"]
[EventType "swiss (blitz)"]
[EventRounds "11"]
[EventCountry "USA"]
[SourceTitle "CB07_2025"]
[SourceDate "2025.02.12"]
[SourceVersion "1"]
[SourceVersionDate "2025.02.12"]
[SourceQuality "1"]

1. d4 Nf6 2. Bf4 d6 3. Nc3 Nbd7 4. Nf3 c5 5. d5 Qa5 6. Bd2 b5 7. a3 Qb6 8. e4 a6 9. Be3 g6 10. Nd2 Bg7 11. a4 b4 12. Ncb1 Ne5 13. h3 a5 14. f4 Ned7 15. Nc4 Qc7 16. Nbd2 0-0 17. Be2 Ba6 18. 0-0 Nb6 19. Nxb6 Qxb6 20. Rb1 Nd7 21. b3 Bc3 22. Kh1 Qc7 23. Bxa6 Rxa6 24. Qe2 Raa8 25. Nc4 Nb6 26. f5 Nxc4 27. Qxc4 Bf6 28. Rf3 Qb6 29. Qe2 Qa6 30. Qf2 c4 31. g4 cxb3 32. cxb3 Qd3 33. Re1 Qxe4 34. Bh6 Qxd5 35. Bxf8 Rxf8 36. Qg2 Qc6 37. Ref1 Rc8 38. g5 Be5 39. fxg6 hxg6 40. Rxf7 Qxg2+ 41. Kxg2 Rc2+ 42. R1f2 Bf6 43. R7xf6 1-0

[Event "Titled Tuesday intern op 04th Feb Late"]
[Site "Chess.com INT"]
[Date "2025.02.04"]
[Round "4"]
[White "Cuenca Jimenez, Jose Fernando"]
[Black "Serra Canals, Oriol"]
[Result "1-0"]
[WhiteElo "2479"]
[BlackElo "2128"]
[PlyCount "65"]
[EventDate "2025.02.04"]
[EventType "swiss (blitz)"]
[EventRounds "11"]
[EventCountry "USA"]
[SourceTitle "CB07_2025"]
[SourceDate "2025.02.12"]
[SourceVersion "1"]
[SourceVersionDate "2025.02.12"]
[SourceQuality "1"]

1. d4 Nf6 2. Bf4 e6 3. e3 c5 4. Nd2 b6 5. Ngf3 Bb7 6. c3 d6 7. a4 Be7 8. h3 Nbd7 9. a5 0-0 10. Nc4 Qc7 11. a6 Be4 12. dxc5 Nxc5 13. Bxd6 Bxd6 14. Qxd6 Qxd6 15. Nxd6 Bxf3 16. gxf3 Rfd8 17. 0-0-0 Nd5 18. Nb7 Nxb7 19. axb7 Rab8 20. Bc4 Kf8 21. Rd4 Ke7 22. Rhd1 Rxb7 23. e4 Rc7 24. exd5 e5 25. Re4 Kd6 26. Ba2 f5 27. Ree1 g5 28. Kc2 b5 29. Rg1 b4 30. Rxg5 Rdc8 31. c4 a5 32. b3 a4 33. bxa4 1-0

[Event "Titled Tuesday intern op 04th Feb Late"]
[Site "Chess.com INT"]
[Date "2025.02.04"]
[Round "9"]
[White "Kanyamarala, Trisha"]
[Black "Cuenca Jimenez, Jose Fernando"]
[Result "0-1"]
[WhiteElo "2178"]
[BlackElo "2479"]
[PlyCount "60"]
[EventDate "2025.02.04"]
[EventType "swiss (blitz)"]
[EventRounds "11"]
[EventCountry "USA"]
[SourceTitle "CB07_2025"]
[SourceDate "2025.02.12"]
[SourceVersion "1"]
[SourceVersionDate "2025.02.12"]
[SourceQuality "1"]

1. c4 Nf6 2. Nc3 g6 3. g3 Bg7 4. Bg2 0-0 5. Nf3 d6 6. 0-0 Nc6 7. d3 e5 8. Rb1 a5 9. a3 Re8 10. b4 axb4 11. axb4 e4 12. Ne1 Bf5 13. Nc2 exd3 14. exd3 Ne5 15. Ne1 c6 16. b5 d5 17. bxc6 bxc6 18. cxd5 cxd5 19. Bg5 Ra5 20. f4 Neg4 21. Nc2 Qc7 22. Nb5 Qc5+ 23. Nbd4 Ne3 24. Nb3 Nxd1+ 25. Nxc5 Rxc5 26. Nd4 Ne3 27. Rfe1 Nxg2 28. Bxf6 Rxe1+ 29. Rxe1 Nxe1 30. Bxg7 Kxg7 0-1